| 000 | 00643nam a2200181 i 4500 | ||
|---|---|---|---|
| 001 | 41579 | ||
| 003 | ES-MaACL | ||
| 005 | 20230906160446.0 | ||
| 007 | t| | ||
| 008 | 030311s1957 xxk ||||1| eng d | ||
| 100 | 1 |
_aCassie, W. Fisher. _936350 |
|
| 245 | 1 | 0 |
_aStructural analysis _b: the solution of statically indeterminate structures / _cby W. Fisher Cassie ; with a foreword by H. John Collins. |
| 250 | _a[13st. ed., 76th imp.]. | ||
| 260 |
_aLondon, etc. : _bLongmans, Green and Co, _c[1957] ( _fWilliam Clowes) |
||
| 300 |
_aXI, 269 p. : _bil. ; _c22 cm. |
||
| 700 | 1 |
_aCollins, H. John. _939733 |
|
| 852 |
_aES-MaACL _jC-15404 _bR.43223 |
||
| 999 |
_c41579 _d41579 |
||